Estudio de las ponencias de formación profesional obrera, realizado por los religiosos dedicados a esta actividad, de conformidad con las normas de la Iglesia en materia de enseñanza
Descripción Física:
19 p. ; 24 cm
MARC
| LEADER | 00000nam a2200000Ia 4500 | ||
|---|---|---|---|
| 001 | 17466 | ||
| 008 | 160829s9999 xx 000 0 cat d | ||
| 080 | |a FU-47-27 | ||
| 245 | |a Estudio de las ponencias de formación profesional obrera, realizado por los religiosos dedicados a esta actividad, de conformidad con las normas de la Iglesia en materia de enseñanza | ||
| 260 | |a Madrid: |b Editorial Católica, [195?] | ||
| 300 | |a 19 p. ; |c 24 cm | ||
| 590 | |a Prové de S-444 | ||
| 650 | |a Treballadors |x Formació professional |9 47152 | ||
| 650 | |a Formació professional |x Espanya |x S. XX |9 47153 | ||
| 901 | |a Arxiu | ||
| 942 | |n 1 | ||
| 952 | |0 0 |1 0 |4 0 |6 FU4727 |7 1 |9 53697 |a Arxiu |b Arxiu |d 2016-12-01 |l 0 |o FU-47-27 |p 17466 |r 2016-12-01 00:00:00 |w 2016-12-01 |y ARXIU | ||
| 999 | |c 57563 |d 57563 | ||